|
|
|
|
| LEADER |
00000nam a2200000 a 4500 |
| 001 |
vtls011134317 |
| 003 |
SK-MaSNL |
| 005 |
20260425230252.0 |
| 008 |
190927s2015 xo f lf 000 0 slo |
| 015 |
|
|
|a SNBI2016
|
| 020 |
|
|
|a 9788056201008
|q (brož.)
|
| 035 |
|
|
|a urn:nbn:sk:snk-am00asio
|
| 035 |
|
|
|a urn:nbn:sk:snk-am3h8e5
|
| 035 |
|
|
|a 2FE5245D-8EFC-46B5-9FDC-F24331C112F4
|
| 040 |
|
|
|a SNK
|b slo
|c SNK
|e AACR2
|
| 041 |
0 |
|
|a slo
|
| 043 |
|
|
|a e-xo---
|
| 044 |
|
|
|a xo
|c SK
|
| 072 |
|
7 |
|a 347.7
|x Obchodné právo. Finančné právo. Právo priemyselného vlastníctva. Patentové právo. Autorské právo
|2 konspekt
|
| 080 |
|
|
|a 347.78
|2 2011
|
| 080 |
|
|
|a (437.6)
|2 2011
|
| 080 |
|
|
|a (094.5)
|2 2011
|
| 080 |
|
|
|a (035)
|2 2011
|
| 110 |
1 |
|
|a Slovensko
|4 aut
|9 266955
|
| 240 |
1 |
0 |
|a Autorský zákon (2015)
|
| 245 |
1 |
0 |
|a Nový autorský zákon s aktualizovanou dôvodovou správou
|b zákon č. 185/2015 Z.z. z 1. júla 2015
|
| 260 |
|
|
|a Bratislava
|b Epos
|c 2015
|
| 300 |
|
|
|a 95 s.
|c 21 cm
|
| 490 |
1 |
|
|a Novelizované zákony s dôvodovými správami v úplnom znení
|
| 500 |
|
|
|a Špecializovaná edícia neperiodických publikácií ; predpisy pre podnikateľskú sféru ; ročník 2015
|
| 650 |
0 |
7 |
|a autorské právo
|2 SNKPH
|9 2215
|
| 650 |
0 |
7 |
|a Copyright
|2 SNKPHeng
|9 296448
|
| 651 |
|
7 |
|a Slovensko
|2 SNKPH
|9 14231
|
| 651 |
|
7 |
|a Slovakia
|2 SNKPHeng
|9 92630
|
| 655 |
|
7 |
|a zákony
|2 SNKPH
|9 70186
|
| 655 |
|
7 |
|a príručky
|2 SNKPH
|9 74364
|
| 655 |
|
7 |
|a Laws
|2 SNKPHeng
|9 266957
|
| 655 |
|
7 |
|a Handbooks, manuals, etc.
|2 SNKPHeng
|9 90964
|
| 830 |
|
0 |
|a Novelizované zákony s dôvodovými správami v úplnom znení
|9 293588
|
| 919 |
|
|
|a 978-80-562-0100-8
|
| 999 |
|
|
|c 671128
|d 673058
|
| 952 |
|
|
|a SNK
|b SNK
|y PREZ
|7 0
|p 17A1173862
|o snkSC 166820
|i snk2015/30242
|8 0
|0 0
|1 0
|4 0
|d 2015-11-03
|f 1
|l 0
|r 2026-02-23 19:26:08
|w 2026-02-23
|
| 952 |
|
|
|a SNK
|b SNK
|y VYP
|7 0
|p 17A1173863
|o snkSC 166820 D1
|i snk2015/30243
|8 0
|0 0
|1 0
|4 0
|d 2015-11-03
|l 0
|r 2026-02-23 19:26:08
|w 2026-02-23
|